000 006690000a22002050004500
020 _a0-534-09960-2
041 0 _aENG
082 0 4 _aG 158.3 E9242e
100 1 _aEvans, David R. (Richard) (1940-)
245 1 0 _aEssential interviewwing : A programmed approach to effective communication / David R. Evans...[et. al.]
250 _a3
260 _aPacific Grove, California, USA : Brooks
300 _a244 Pag.
650 1 4 _aENTREVISTAS - ENSEÑANZA PROGRAMADA \ COMUNICACION INTERPERSONAL - ENSEÑANZA PROGRAMADA
001 955
942 _cBK
999 _c32347
_d32347
336 _atexto
_btxt
_2rdacontent
337 _2rdamedia
_asin mediación
_bn
338 _2rdacarrier
_avolumen
_bnc